000 00368nam a2200133Ia 4500
008 151001s9999||||xx |||||||||||||| ||und||
100 _aश्री म माटे
245 _aआपापले हितगुज
250 _a1
260 _bकर्नाटक पब्लिशिंग हाउस
260 _c1937
300 _a194
365 _b7.5
999 _c948669
_d948666